000 00793nam a22002177a 4500
999 _c7148
_d7148
003 AR-CdUCM
008 190320b ||||| |||| 00| 0 spa d
040 _aMUNICIPALIDAD PROVINCIAL DEL CUSCO
_cBIBLIOTECA MUNICIPAL DEL CUSCO
082 _a465 /
_bM26
100 _aMarquez de Medina, Marcos
_920157
245 _aEl arte explicado y gramático perfecto :
_bdividido en tres partes /
260 _aParis :
_bRosa y Bouret,
_c1871.
300 _a700 páginas ;
_c18 cm.
500 _aDonación de la familia Nieto.
505 _aContenido: Conjugaciones -- Oraciones -- La sintaxis -- Género de versos latinos -- Figuras poéticas ...
650 _aGéneros literarios
_92289
650 _aFiguras del libro
_920158
650 _aAcento
_920159
942 _2ddc
_cLIBROS
945 _araen